Rājyatatva. (Record no. 67210)

MARC details
000 -LEADER
fixed length control field 00593cam a22002411 4500
001 - CONTROL NUMBER
control field sa 66000380
003 - CONTROL NUMBER IDENTIFIER
control field DLC
005 - DATE AND TIME OF LATEST TRANSACTION
control field 20260227112214.0
008 - FIXED-LENGTH DATA ELEMENTS--GENERAL INFORMATION
fixed length control field 940602s1963 ii b 000 0 kano
010 ## - LIBRARY OF CONGRESS CONTROL NUMBER
LC control number sa 66000380
025 ## - OVERSEAS ACQUISITION NUMBER
Overseas acquisition number PL480:I-Kan-525
035 ## - SYSTEM CONTROL NUMBER
System control number (OCoLC)30538582
040 ## - CATALOGING SOURCE
Original cataloging agency DLC
Transcribing agency CU
Modifying agency CU
-- DLC
042 ## - AUTHENTICATION CODE
Authentication code premarc
050 00 - LIBRARY OF CONGRESS CALL NUMBER
Classification number JC273
Item number .K67
100 1# - MAIN ENTRY--PERSONAL NAME
Personal name Kr̥ṣṇarāv, H.
245 10 - TITLE STATEMENT
Title Rājyatatva.
260 ## - PUBLICATION, DISTRIBUTION, ETC.
Date of publication, distribution, etc. 1963.
300 ## - PHYSICAL DESCRIPTION
Extent xii, 540, iii p.
Dimensions 19 cm.
500 ## - GENERAL NOTE
General note In Kannada.
504 ## - BIBLIOGRAPHY, ETC. NOTE
Bibliography, etc. note Bibliography: p.[i]-iii (last group)
650 #0 - SUBJECT ADDED ENTRY--TOPICAL TERM
Topical term or geographic name entry element State, The.

No items available.

Powered by Koha